000 00691cab a2200241 4500
001 ABS53991
008 090401t1995 xxu||||| |||| 00| 0 eng d
035 _a(Sirsi) u7790
041 _aeng
100 _aTillett, G.
245 _aDating service
260 _c1995
350 _a0
490 _aBuilding
_v260(7916) 10 November 1995, 64-65(2)
520 _aAnalyses Project Commander, a project management software package.
650 _aPROJECT COMMANDER
650 _aMANAGEMENT-PROJECT MANAGEMENT
650 _aSOFTWARE PACKAGES
690 _aMANAGEMENT-BUSINESS MANAGEMENT-INFORMATION MANAGEMENT
690 _aProject management
_96261
942 _n0
948 _c04/03/1997
999 _c4739
_d4739